Red de cooperación para el desarrollo rural e innovación tecnológica. Memoria

Kaydedildi:
Detaylı Bibliyografya
Müşterek Yazar: Universidad Nacional. Vicerrectoría de Extensión
Materyal Türü: Metin
Konular:
Etiketler: Etiketle
Etiket eklenmemiş, İlk siz ekleyin!

MARC

LEADER 00000 a a2200000 04500
001 30773
003
040
090 |a 197500  |b   
110 |a Universidad Nacional. Vicerrectoría de Extensión  
245 |a Red de cooperación para el desarrollo rural e innovación tecnológica. Memoria  
300 |a 104 p.   |b map.  
500 |a Borrador  
650 |a MEDIO RURAL  
650 |a SECTOR AGROPECUARIO  
650 |a POBREZA  
650 |a DESARROLLO RURAL  
650 |a DESARROLLO SOSTENIBLE  
650 |a CAPITAL SOCIAL  
650 |a COMPETITIVIDAD  
650 |a POBLACION RURAL  
650 |a POBLACION TOTAL  
650 |a POBREZA  
650 |a EDUCACION  
650 |a INGRESO  
999 |c 13034  |d 13034